000 00812nam a22002297a 4500
005 20180828123716.0
008 080922t xxu||||| |||| 00| 0 eng d
010 _aB-346304-340
020 _c465.00
_a9788131723005
035 _aB-346304-340, B-346329
037 _bPansy Books
040 _adpl
_bEnglish
082 _a000
100 _aThorpe, Edgar
245 _aThe pearson general knowledge manual 2009 /
_cby Edgar Thorpe [and] Showick Thorpe
260 _aNew Delhi
_bDorling Kindersley (India) Pvt. Ltd
_c2009
270 _a482, F.I.E. Patparganj
_bDelhi
_e110092
300 _aVarious pagings
_c24cm(pbk)
700 _aThorpe, Showick
942 _2ddc
_cEN
_mTHO
_h000
999 _c23972
_d23972